000 00505nam a2200181Ia 4500
005 20250326141510.0
008 250326s9999 xx 000 0 und d
037 _aTextbook
040 _aFMSL
_beng
_cFMSL
041 _aeng
_2eng
084 _aX.58N81 M5
_qFMSL
100 _aDyker David A
245 0 _aFuture of the soviet economic planning system
_cDyker David A
260 _aUSA
_bUSA, Croom Helm
_c1985
300 _a172p
942 _cTB
_hX.58N81 M5
999 _c1290589
_d1290589